Kolory tęczy w mniej niż minutę - Statystyki

Ogólne statystyki
  • Ten quiz został rozwiązany 318 razy
  • Średni wynik to 6 z 7
Statystyki odpowiedzi
Kolor % Poprawnych
czerwony
98%
żółty
98%
niebieski
94%
zielony
90%
fioletowy
87%
pomarańczowy
87%
indygo
11%
Nie znaleziono quizów pasujących do podanych kryteriów
Rozkład punktacji
Procent ludzi z każdym wynikiem
Percentyl według liczby udzielonych odpowiedzi
Twoja historia wyników
Nie rozwiązałeś tego quizu